000 00428nam a22001697a 4500
005 20160513105829.0
008 160513b xxu||||| |||| 00| 0 eng d
020 _a81-203-2640-7
041 _aeng
082 _b1834
100 _aM.P. Gupta, R.B. Khana
_9543
245 _aQuantitative Techniques for Decision Making
260 _aDelhi
_bPearson Education,
_c2004
300 _a461
650 _aManagement
_9241
942 _cBK
999 _c709
_d709